Quantitative Assessment of a Financial System-Barbados.

A banking system module is incorporated into the Central Bank of Barbados's multisectoral macroeconomic forecasting model, and a medium-term forecast is generated for bank capitalization, profitability, liquidity and nonperforming loans. Stress tests are performed for the first year of the fore...

ver descrição completa

Detalhes bibliográficos
Autor Corporativo: International Monetary Fund
Formato: Periódico
Idioma:English
Publicado em: Washington, D.C. : International Monetary Fund, 2005.
Colecção:IMF Working Papers; Working Paper ; No. 2005/076
Acesso em linha:Full text available on IMF
LEADER 01623cas a2200241 a 4500
001 AALejournalIMF003501
008 230101c9999 xx r poo 0 0eng d
020 |c 5.00 USD 
020 |z 9781451860955 
022 |a 1018-5941 
040 |a BD-DhAAL  |c BD-DhAAL 
110 2 |a International Monetary Fund. 
245 1 0 |a Quantitative Assessment of a Financial System-Barbados. 
264 1 |a Washington, D.C. :  |b International Monetary Fund,  |c 2005. 
300 |a 1 online resource (20 pages) 
490 1 |a IMF Working Papers 
500 |a <strong>Off-Campus Access:</strong> No User ID or Password Required 
500 |a <strong>On-Campus Access:</strong> No User ID or Password Required 
506 |a Electronic access restricted to authorized BRAC University faculty, staff and students 
520 3 |a A banking system module is incorporated into the Central Bank of Barbados's multisectoral macroeconomic forecasting model, and a medium-term forecast is generated for bank capitalization, profitability, liquidity and nonperforming loans. Stress tests are performed for the first year of the forecast, to test the banking system's resilience to real sector shocks. The analysis, which would in practice be only part of the vulnerability assessment, indicates that the banking system is stable and resilient to macroeconomic shocks of a type and magnitude that Barbados has experienced in the past. 
538 |a Mode of access: Internet 
830 0 |a IMF Working Papers; Working Paper ;  |v No. 2005/076 
856 4 0 |z Full text available on IMF  |u http://elibrary.imf.org/view/journals/001/2005/076/001.2005.issue-076-en.xml  |z IMF e-Library